Countries with Nando's Restaurants - Statistics

General Stats
  • This quiz has been taken 97 times
    85 since last reset
  • The average score is 11 of 23
Answer Stats
# of Restaurants Country % Correct
432 United Kingdom
100%
42 United States
96%
52 Canada
81%
12 Ireland
79%
202 Australia
76%
259 South Africa
74%
29 New Zealand
65%
9 India
60%
8 Singapore
44%
15 United Arab Emirates
44%
78 Malaysia
40%
7 Pakistan
40%
11 Zimbabwe
35%
7 Qatar
34%
2 Saudi Arabia
32%
10 Botswana
29%
5 Bahrain
28%
5 Zambia
26%
4 Bangladesh
25%
4 Oman
25%
4 eSwatini
24%
2 Fiji
22%
4 Mauritius
16%
No matching quizzes found
Score Distribution
Percent of People with Each Score
Percentile by Number Answered
Your Score History
You have not taken this quiz since the last reset